Historical records search and archeological subsurface testing for the Jefferson Davis Hospital site at 1801 Allen Parkway Drive, Houston ... /

Bibliographic Details
Corporate Authors: J.K. Wagner & Company, Moore Archeological Consulting, Carter & Burgess, Finger Companies, Inc
Format: Government Document Book
Language:English
Published: [Houston, Tex.?] : Carter & Burgess, Inc., 1999.
Series:Report of investigations (Moore Archeological Consulting) ; no. 239.
Subjects:

MARC

Tag First Indicator Second Indicator Subfields
LEADER 00000cam a2200000Ia 4500
001 in00001593421
005 20151022180643.0
008 990810s1999 txua b 000 0 eng d
035 |a (OCoLC)ocm42046485 
040 |a RCE  |c RCE  |d UtOrBLW 
049 |a TXAM 
086 |a H2000.8 H24HI 1999  |2 tdoc 
090 |a F392.H38  |b H57 1999 
245 0 0 |a Historical records search and archeological subsurface testing for the Jefferson Davis Hospital site at 1801 Allen Parkway Drive, Houston ... /  |c prepared by J.K. Wagner & Company, Inc & Moore Archeological Consulting, Inc. 
246 1 5 |a Archeological subsurface testing for the Jefferson Davis Hospital site 
264 1 |a [Houston, Tex.?] :  |b Carter & Burgess, Inc.,  |c 1999. 
300 |a 1 volume (various pagings) :  |b illustrations (some color), maps ;  |c 28 cm. 
336 |a text  |b txt  |2 rdacontent 
337 |a unmediated  |b n  |2 rdamedia 
338 |a volume  |b nc  |2 rdacarrier 
490 1 |a Report of investigations / Moore Archeological Consulting ;  |v no. 239 
500 |a "Prepared for Carter & Burgess, Inc. for use by the Finger Companies" -- T-p. 
504 |a Includes bibliographical references (leaves 29-31 of 1st section). 
500 |a "March 1999" -- title page. 
500 |a "Texas Antiquities Permit Number 2106" -- Section Two t-p. 
500 |a "MAC Project Number 99-02" -- Section Two t-p. 
651 0 |a Harris County (Tex.)  |x Antiquities. 
651 0 |a Houston (Tex.)  |x History. 
650 0 |a Excavations (Archaeology)  |z Texas  |z Harris County. 
610 2 0 |a Jefferson Davis Hospital (Houston, Tex.) 
710 2 |a J.K. Wagner & Company. 
710 2 |a Moore Archeological Consulting. 
710 2 |a Carter & Burgess. 
710 2 |a Finger Companies, Inc. 
830 0 |a Report of investigations (Moore Archeological Consulting) ;  |v no. 239. 
994 |a E0  |b TXA 
999 |a MARS 
999 f f |s cc712b23-d1b4-3dbc-bd0c-763e8179d756  |i 5bad9728-40f5-388b-b175-95881916d65d  |t 0 
952 f f |p normal  |a Texas A&M University  |b College Station  |c Sterling C. Evans Library  |d Evans: Texas Documents (Annex 5th floor)  |t 0  |e H2000.8 H24HI 1999  |h Superintendent of Documents classification  |i unmediated -- volume  |m A14826667592 
998 f f |a H2000.8 H24HI 1999  |t 0  |l Evans: Texas Documents (Annex 5th floor)